MARC

LEADER 00000nam0a2200000 4500
001 318537
005 20231102003103.0
035 |a (RuTPU)RU\TPU\book\344035 
090 |a 318537 
100 |a 20160427d1960 m y0rusy50 ca 
101 0 |a rus 
102 |a RU 
105 |a a j 001zy 
200 1 |a Радиотехника и электроника  |e [учебное пособие]  |f С. Г. Блантер 
210 |a Москва  |a Ленинград  |c Госэнергоиздат  |d 1960 
215 |a 416 с.  |c ил. 
320 |a Библиогр.: с. 408. 
320 |a Алфавитный указатель: с. 409-416. 
606 1 |a Радиотехника  |2 stltpush  |3 (RuTPU)RU\TPU\subj\71345  |9 85301 
606 1 |a Электроника  |2 stltpush  |3 (RuTPU)RU\TPU\subj\20310  |9 45419 
610 1 |a учебные пособия 
610 1 |a электровакуумные приборы 
610 1 |a полупроводниковые приборы 
610 1 |a электронные усилители 
610 1 |a электронные генераторы 
610 1 |a выпрямительные устройства 
610 1 |a стабилизирующие устройства 
610 1 |a радиосвязь 
610 1 |a радиотехнические измерения 
675 |a 621.37(075.8)  |v 4 
675 |a 621.38(075.8)  |v 4 
700 1 |a Блантер  |b С. Г.  |g Соломон Григорьевич 
801 1 |a RU  |b 63413507  |c 20160427 
801 2 |a RU  |b 63413507  |c 20160429  |g RCR 
942 |c BK